00662nam a22001932 4500001001100000005001700011008004100028020001700069040001500086100003500101245012600136250001300262260005300275300001700328650005100345700003300396700003600429852000300465000002011820151217154438.0110704s xx 000 0 eng d a0023619333 : aKABUcKABU1 aKalbus, Barbara H.@000018020012aA Laboratory manual and study guide for Human anatomy. 3rd ed. /cBarbara H. Kalbus, Kenneth G. Neal, Margaret A. Wilson. a1st ed. aUpper Saddle River, NJ. :bPrentice Hall,c1986. avii, 283 p. 0aHuman anatomyxLaboratory manuals.@00001801911 aNeal, Kenneth G.@00001802011 aWilson, Margaret A.@00001802021